Представление документа в формате RUSMARC

ПолеНазваниеЗначение
  Тип записи a
  Библиографический уровень m
001 Контрольный номер 8637377b62ae4946a0f1fbb9b09b371a
005 Дата корректировки 20260618125612.1
010 Индекс ISBN __
b Уточнения В пер.
100 Данные общей обработки __
a Данные общей обработки 20260616d2026 m y0rusy028902 ca
101 Язык документа 1_
a Язык текста rus
c Язык оригинала eng
102 Страна публикации __
a Страна публикации RU
105 Кодированные данные (монография) __
a Кодированные данные (монография) y z 000ay
181 Поле кодированных данных: вид содержания _0
a Код вида содержания (ISBD) i
182 Поле кодированных данных: тип средства _0
a Код типа средства (ISBD) n
200 Заглавие и сведения об ответственности 1_
a Заглавие Роверандом
f Первые сведения об ответственности Джон Рональд Руэл Толкин
e Сведения, относящиеся к заглавию [повесть] : издание для слабовидящих
203 Вид содержания и тип средства __
a Вид содержания Текст
c Тип средства непосредственный
210 Выходные данные 1_
a Место издания Москва
c Издательство Чинар
d Дата издания 2026
215 Физическое описание __
a Объем 180 с.
d Формат 21 см
225 Серия 2_
a Серия Круг чтения
e Сведения, относящиеся к заглавию серии издание для слабовидящих
300 Общие примечания __
a Общие примечания Текст печатается по изданию: Толкин Дж. Р. Р. Роверандом. - Москва : АСТ, 2015. - ISBN 978-5-17-090420-4.
330 Аннотация __
a Аннотация Из-за укушенного волшебника заносчивый пес Ровер превращается в игрушечную собаку. Чтобы вернуть свой облик, он отправляется в невероятное путешествие: сначала на Луну, а затем на дно морское, где получает имя Роверандом. Толкин написал эту сказку в 1925 году для своего сына Майкла, чтобы утешить его после потери любимой игрушечной собачки на пляже.
333 Примечание о целевом назначении __
a Примечание о целевом назначении 18+. Запрещено для детей
606 Тематические рубрики __
2 Код системы nlr_sh
a Основная рубрика Художественная литература
606 Тематические рубрики __
2 Код системы nlr_sh
a Основная рубрика Литература Европы (произведения)
y Географическая подрубрика Великобритания
610 Ключевые слова 0_
a Ключевые слова зарубежная литература
610 Ключевые слова 0_
a Ключевые слова фантастическая литература
610 Ключевые слова 0_
a Ключевые слова зарубежная фантастика
610 Ключевые слова 0_
a Ключевые слова английская литература
610 Ключевые слова 0_
a Ключевые слова фантастика
610 Ключевые слова 0_
a Ключевые слова фэнтези
610 Ключевые слова 0_
a Ключевые слова тема приключений
610 Ключевые слова 0_
a Ключевые слова тема собак
610 Ключевые слова 0_
a Ключевые слова тема животных
610 Ключевые слова 0_
a Ключевые слова тема волшебства
610 Ключевые слова 0_
a Ключевые слова сказочные истории
610 Ключевые слова 0_
a Ключевые слова авторские сказки
610 Ключевые слова 0_
a Ключевые слова литературные сказки
610 Ключевые слова 0_
a Ключевые слова тема волшебников
610 Ключевые слова 0_
a Ключевые слова тема превращений
610 Ключевые слова 0_
a Ключевые слова книги для незрячих
610 Ключевые слова 0_
a Ключевые слова чтение для слабовидящих
686 Индексы других классификаций __
2 Код системы rubbks
a Классификационный индекс 84(4Вел)6-445я07
700 Автор _1
a Фамилия Толкин
b Имя Д. Р. Р.
f Даты 1892-1973
g Полное личное имя Джон Рональд Руэл
4 Код отношения 070
801 Источник записи _0
a Страна RU
b Организация Муниципальное бюджетное учреждение культуры "Централизованная библиотечная система" г. Сургут (Центральная городская библиотека им. А. С. Пушкина)
c Дата составления 20260616
g Правила каталогизации PSBO
801 Источник записи _1
a Страна RU
b Организация Муниципальное бюджетное учреждение культуры "Централизованная библиотечная система" г. Сургут (Центральная городская библиотека им. А. С. Пушкина)
c Дата составления 20260616
g Правила каталогизации PSBO
852 Данные о местонахождении __
i Авторский знак Т 52
j Шифр хранения 84(4Вел)6-445я07
901 Тип документа __
a Ответственный ООФиК/Губина
t Тип документа m
901 Тип документа __
a Ответственный без партии
903 Характеристики (МАРС) __
a Дата передачи 20260616
c Наименование библиотеки (МАРС) Муниципальное бюджетное учреждение культуры "Централизованная библиотечная система" г. Сургут (Центральная городская библиотека им. А. С. Пушкина)
969 Тип издания __
a Тип издания спецформат
a Тип издания спецформат-крупношрифтовое
a Тип издания издание для слепых
a Тип издания крупношрифтовое издание
a Тип издания Ф 26